Η δημοτική γλώσσα στην επίσημη αλληλογραφία

Αποθηκεύτηκε σε:
Λεπτομέρειες βιβλιογραφικής εγγραφής
Συγγραφή απο Οργανισμό/Αρχή: Εκπαιδευτική επικοινωνία
Μορφή: Βιβλίο
Γλώσσα:Greek
Δημοσίευση: Αθήνα : Εκπαιδευτικές εκδόσεις, 1977
Θέματα:
Ετικέτες: Προσθήκη ετικέτας
Δεν υπάρχουν, Καταχωρήστε ετικέτα πρώτοι!

MARC

LEADER 00000cam a2200000 i 4500
001 1/90913
008 080711s1977 gre d
035 |l 10098909 
040 |a GR-MY-UA  |b gre  |e aacr 
041 0 |a gre 
082 0 |a 489.3  |2 (22) 
245 1 2 |a Η δημοτική γλώσσα στην επίσημη αλληλογραφία /  |c Εκπαιδευτική επικοινωνία 
260 |a Αθήνα :   |b Εκπαιδευτικές εκδόσεις,   |c 1977 
300 |a 50 σ.;  |c 21 εκ. 
500 |a "Η εγκύκλιος του Υπουργού Προεδρίας και Παιδείας κ. Γ. Ράλλη εμπλουτισμένη με υποδείγματα αλληλογραφίας των δημοτικών σχολείων" 
500 |a Το έργο κυκλοφόρησε από την μηνιαία επιστημονική επιθεώρηση "Εκπαιδευτική επικοινωνία" 
650 0 0 |a Greek language, Modern. 
650 0 0 |a Letter writing, Greek. 
710 2 |a Εκπαιδευτική επικοινωνία. 
852 |a INST  |b RHODES  |c AKA  |e 20080711  |h  489.3 ΔΗΜ  |p 005400029162  |q 005400029162  |t BK  |y 0 
901 |a BIBL4-2008-2 
909 |a Ρ  |b 150186 
970 |a ΧΑΡΙΟΠΟΛΙΤΟΥ  |b ΚΩΝΣΤΑΝΤΙΝΑ  |z 2008/07/11